000 00904nam a22002177a 4500
999 _c12762
_d12762
003 AR-CdUCM
008 190410b ||||| |||| 00| 0 spa d
040 _aMUNICIPALIDAD PROVINCIAL DEL CUSCO
_cBIBLIOTECA MUNICIPAL DEL CUSCO
082 _a985.62 /
_bR94
100 _aRuiz Bravo, Patricia
_92260
245 _aSicuani, la ciudad en el problema regional /
260 _aCusco :
_bBartolomé de las Casas,
_c1986.
300 _a256 páginas ;
_bMapas, Cuadros,
_c20 cm.
440 _aCentro de estudios rurales andinos "Bartolomé de las Casas"
_930805
505 _aContenido: El río sagrado de los incas y los canchis: el escenario y los personajes -- La ciudad andina: una pista para la formación del espacio regional -- El medio rural...
650 _aSicuani
_929745
650 _aEL medio rural
_930806
650 _aRegión Cusco
_930807
942 _2ddc
_cLIBROS
945 _adavv
_d10/04/2019